LEADER 00719nam a2200205 4500 001 000000338604 003 CaOOAMICUS 005 20191219095425.0 008 191219s2007 it a 000 u ita r 040 $aSeMil$bita 245 10$aFirenze. 264 1$aMilano :$bCorriere della Sera,$c2007. 300 $a248 p. :$bill. ;$c22 cm 830 3$aLe guide di Dove ;$v12.$0(OLS)http://semarc/title/427417 850 $aSeMil 852 $aSeMil$W1$xVenegono$y1$m4Y IV 222$j218297$B229789$CSeMilBibl$Z2$F229789 $81 961 $aCazzaniga don Angelo - Omaggio 996 $6245$aFirenze$9(OLS)http://semarc/title/24577 996 $6264$aMilano :$bCorriere della Sera$9(OLS)http://semarc/publisher/33390 LEADER 00860nam a2200181 i 4500 001 000000024937 003 CaOOAMICUS 005 20180830125446.0 008 180830s2008 it u000 u ita u 040 $aSeMil$bita 245 13$aUn goût d'esperance :$bvers un nouveau visage de l'Église /$cAlbert Rouet ... [et al.]. 260 $aParis :$bBayard,$c2008. 300 $av. ;$c21 cm. 650 4$aPoitiers (Arcidiocesi) - Parrocchie.$0(OLS)http://semarc/subject/3935 700 1 $aRouet, Albert,$c.$0(OLS)http://semarc/name/11033 774 0 $tExpérience des communautés locales à Poitiers.$dParis : Bayard, 2008.$z978-2-227-47742-1$g2$w()202166 996 $6245$aUn goût d'esperance :$bvers un nouveau visage de l'Église$9(OLS)http://semarc/title/33598 996 $6260$aParis :$bBayard$9(OLS)http://semarc/publisher/30832